Les pays qui contiennent Z - Statistiques

Statistiques générales
  • Ce quiz a été pris 59 fois
    53 depuis la dernière actualisation
  • Le résultat moyen est 9 sur 13
Statistiques - réponses
Réponse % Correct
Zimbabwe
98%
Zambie
94%
Ouzbékistan
83%
Mozambique
77%
Nouvelle-Zélande
77%
Tanzanie
74%
Azerbaïdjan
72%
Kirghizistan
72%
Belize
66%
Kazakhstan
62%
Venezuela
60%
Bosnie-Herzégovine
55%
Swaziland
32%
Aucun quiz correspondant
Distribution des résultats
% des personnes avec chaque résultat
Percentile par nombre de réponses
Votre historique - résultats
Vous n’avez pas pris ce quiz depuis la dernière actualisation